01567njm a2200289Ia 4500001000600000003000900006005001700015008004100032040001300073040001300086041001300099100001100112100001800123100003800141245001000179250001100189260001100200260006400211300001700275300003100292500028500323505038700608511008900995650005501084700007501139700006301214G9559IT-RoPAU20220918181209.0131025s9999 xx 000 0 und d aIT-RoPAU cIT-RoPAU aITALIANO aAA.VV. eAutore musica gCodice autore musica SPICS: 12000 aSogno a1a ed. aITALIA bINSIEME S.R.L.c1999 [1a Ed.:1999 - Ed. Lingua Orig.: 1999] aCOMPACT DISC c58 minuti (Testo: 20 pag.) aMusica leggera. Canzone. 14 brani, con libretto del testo in italiano e in inglese. Musiche di autori vari. Interpretazione di Andrea Bocelli, in alcuni brani con la collaborazione di altri artisti. Progetto di Caterina Caselli Sugar. Produzione e arrangiamento di Mauro Malavasi. aCanto della terra (4:01) - The Prayer (con Celine Dion, 4:34) - Sogno (4:00) - 'O mare e tu (con Dulce Pontes, 5:16) - A volte il cuore (4:48) - Cantico (3:59) - Mai più così lontano (4:16) - Immenso (4:46) - Nel cuore lei (con Eros Ramazzotti, 3:42) - Tremo e t'amo (4:46) - I Love Rossini (3:51) - Un canto (4:32) - Come un fiume tu (4:29) - A mio padre (6 maggio 1992, 3:57). aAndrea Bocelli, Celine Dion, Dulce Pontes, Eros Ramazzotti diretti da Mauro Malavasi aCANZONE [COMPACT DISC]eCodice MATERIA SPICS: 9949 aAA.VV.eAutore testo e musicagCodice autore testo/musica SPICS: 12000 aBocelli AndreagCodice interprete SPICS: 38874eInterprete